000 00472nam a2200181Ia 4500
001 13328
005 20260306164753.0
008 260306t2001||||xx |||||||||||||| ||spa||
041 _aESP
082 _a001.42
_bS22
100 _aSánchez Sánchez, Rohel
_eAUT
245 0 _aEstructura del proyecto de investigación científica en la práctica
260 _c2001
300 _a114 páginas :
_c23 cm.
650 _aGEN
654 _aCHU
942 _cLIB
_dJUS
_fJUS
_2ddc
_n
999 _c13328
_d13328